Manual de estadísticas de las finanzas publicas / (Registro nro. 7732)
[ vista simple ]
| 000 -LEADER | |
|---|---|
| fixed length control field | 00917nam a2200217Ia 4500 |
| 003 - CONTROL NUMBER IDENTIFIER | |
| control field | OSt |
| 005 - DATE AND TIME OF LATEST TRANSACTION | |
| control field | 20210511091016.0 |
| 008 - FIXED-LENGTH DATA ELEMENTS--GENERAL INFORMATION | |
| fixed length control field | 210310s1986 eu fr 000 0 spa d |
| 020 ## - INTERNATIONAL STANDARD BOOK NUMBER | |
| International Standard Book Number | 1557752451 |
| 040 ## - CATALOGING SOURCE | |
| Original cataloging agency | CO-JMCR |
| Transcribing agency | CO-JMCR |
| 041 1# - LANGUAGE CODE | |
| Language code of text/sound track or separate title | spa |
| Language code of original | eng |
| 082 04 - DEWEY DECIMAL CLASSIFICATION NUMBER | |
| Classification number | 336.0072 / |
| Item number | F673m |
| Edition number | 23 |
| 110 2# - MAIN ENTRY--CORPORATE NAME | |
| Corporate name or jurisdiction name as entry element | Fondo Monetario Internacional |
| 9 (RLIN) | 37119 |
| 245 10 - TITLE STATEMENT | |
| Title | Manual de estadísticas de las finanzas publicas / |
| Statement of responsibility, etc. | Fondo Monetario Internacional |
| 260 ## - PUBLICATION, DISTRIBUTION, ETC. | |
| Place of publication, distribution, etc. | Washington : |
| Name of publisher, distributor, etc. | Fondo Monetario Internacional, |
| Date of publication, distribution, etc. | 1986 |
| 300 ## - PHYSICAL DESCRIPTION | |
| Extent | x, 361 páginas ; |
| Dimensions | 28 cm. |
| 500 ## - GENERAL NOTE | |
| General note | Incluye notas a pie de página y glosario. |
| 505 0# - FORMATTED CONTENTS NOTE | |
| Formatted contents note | Cobertura -- Selección y preparación de datos -- Marco analítico -- Clasificación -- Relaciones con otros sistemas de datos -- Empresas públicas no financieras y sector público no financiero |
| 650 14 - SUBJECT ADDED ENTRY--TOPICAL TERM | |
| Topical term or geographic name entry element | Finanzas públicas |
| 9 (RLIN) | 15294 |
| Form subdivision | Guías, manuales, etc. |
| General subdivision | Estadísticas |
| 942 ## - ADDED ENTRY ELEMENTS (KOHA) | |
| Source of classification or shelving scheme | Dewey Decimal Classification |
| Koha item type | Books |
| Withdrawn status | Lost status | Source of classification or shelving scheme | Damaged status | Not for loan | Collection code | Home library | Current library | Date acquired | Source of acquisition | Total Checkouts | Full call number | Barcode | Date last seen | Date last checked out | Copy number | Koha item type |
|---|---|---|---|---|---|---|---|---|---|---|---|---|---|---|---|---|
| Dewey Decimal Classification | Non-fiction | Biblioteca Pública José María del Castillo y Rada | Biblioteca Pública José María del Castillo y Rada | 04/15/2018 | Donación | 1 | 336.0072 / F673m | 430004480 | 07/30/2024 | 07/26/2024 | Ej.1 | Books |